Introduction to the design and analysis of algorithms (Record no. 197360)
[ view plain ]
| 000 -LEADER | |
|---|---|
| fixed length control field | 00483nam a2200193Ia 4500 |
| 003 - CONTROL NUMBER IDENTIFIER | |
| control field | OSt |
| 005 - DATE AND TIME OF LATEST TRANSACTION | |
| control field | 20250130120338.0 |
| 008 - FIXED-LENGTH DATA ELEMENTS--GENERAL INFORMATION | |
| fixed length control field | 231217s9999 xx 000 0 und d |
| 020 ## - INTERNATIONAL STANDARD BOOK NUMBER | |
| International Standard Book Number | 9788131718568 |
| 040 ## - CATALOGING SOURCE | |
| Transcribing agency | 0 |
| 041 ## - LANGUAGE CODE | |
| Language code of text/sound track or separate title | English |
| 082 ## - DEWEY DECIMAL CLASSIFICATION NUMBER | |
| Classification number | 001.6423 LEV;124 |
| 100 ## - MAIN ENTRY--PERSONAL NAME | |
| Personal name | Levitin, Anany. |
| 245 #0 - TITLE STATEMENT | |
| Title | Introduction to the design and analysis of algorithms |
| 250 ## - EDITION STATEMENT | |
| Edition statement | 2nd ed. |
| 260 ## - PUBLICATION, DISTRIBUTION, ETC. | |
| Date of publication, distribution, etc. | 2007 |
| Name of publisher, distributor, etc. | Pearson Education |
| Place of publication, distribution, etc. | South Asia |
| 300 ## - PHYSICAL DESCRIPTION | |
| Extent | 588 |
| 942 ## - ADDED ENTRY ELEMENTS (KOHA) | |
| Koha item type | Books |
| Source of classification or shelving scheme | Dewey Decimal Classification |
| Date last seen | Total checkouts | Total renewals | Full call number | Accession number | Date due | Date last checked out | Price effective from | Category | Lost status | Damaged status | Department | Withdrawn status | Home library | Current library | Shelving location | Entry date | Grants | Currency symbol | Conversion rate | Discount | Old discount |
|---|---|---|---|---|---|---|---|---|---|---|---|---|---|---|---|---|---|---|---|---|---|
| 12/01/2026 | 3 | 3 | 001.6423 LEV;124 | 90698 | 06/04/2026 | 12/01/2026 | 26/01/2024 | Books | Central Library | Central Library | Central Library | Central Library | 17/10/2016 | DONATED | RS | 1 |
